000 00297nam a2200133Ia 4500
100 _aJones Franklin
942 _cBK
654 _aDie making
245 _aDie Design & Die Making Practice
260 _bIndustrial Press
_aNEWYORK
_c1951
082 _a621.9
300 _a1014
546 _aENGLISH
999 _c21512
_d21512